Music Quiz

Random Music Quiz
Score 0/89 Timer 17:00
2 Plays Today
Question Answer % Correct
What color are the ski masks on the 'JACKBOYS' album coverlight green
74.1%
Which of these artist never collaborated with Travis Scott: Lil Yachty, Juice WRLD or Bryson Tiller?Lil Yachty
73.2%
Which Migos member was not featured on 'ASTROWORLD'?Offset
69%
Piss On Your Grave, Skyfall, way back: Which one of these songs doesn't have a music video?Skyfall
68%
How many siblings does Travis have?3
66.4%
Who added a Spanish verse on the 'HIGHEST IN THE ROOM ' remix?ROSALÍA
66.1%
How many tracks were added to the Rodeo Deluxe Version?2
65.4%
What other rapper often gets mixed up with Travis Scott because of his hairstyle?A$AP Rocky
64.6%
In what year was Travis part of the XXL Freshmen Class?2013
64.4%
What is Travis Scott's official Netflix documentary called?Look Mom, I Can Fly
63.9%
Stroke my _______cactus!
60.9%
Which A$AP Member can already be heard on a few tracks and remixes alongside Travis Scott?A$AP Ferg
59.5%
According to the Nardwuar interview, how does Travis Scott keep his pants up while performing?Belt.
58.9%
Despite being featured on the song, who is not seen in the 'YOSEMITE' music video?NAV
58.1%
What music video features action doll Travis roaming the streets of Beverly Hills at night?90210
57.7%
'Nine light years away ...' is the intro to what song?Pornography
56.8%
What rapper inspired the 'Scott' part of Travis Scotts name?Kid Cudi (Scott Mescudi)
54%
What was the very first instrument Travis learned to play?Drums
54%
Who is Travis Scotts DJ and close friend?Chase B
53.5%
What color is the drifting Lamborghini in the background of the 'beibs in the trap' music video?Chrome ('silver' and 'white' also accepted)
53.4%
Who is featured on every Travis Scott project since Days Before Rodeo?Quavo
52%
Where does the 'Travis' part in Travis Scotts name come from?His uncle's name was Travis
50.7%
Which Rock'n'Roll artist is featured alongside Travis on Post Malone's 'Take What You Want'?Ozzy Osbourne
49%
What cereal brand made Travis Scott special editions?Reeses Puffs
47.2%
Which British indie rock band is heard on 'Don't Play'?The 1975
47%
Straight from Mexico, call her ...?QUINTANA!
46.8%
Which phone provider did Travis Scotts mom work for?AT&T
46.3%
Which track from 'Huncho Jack, Jack Huncho' is the only one with a music video? Black & Chinese
45.7%
Who (indirectly) came up with the name 'Birds In The Trap Sing McKnight'?Quavo
45.5%
What was Travis Scott arrested for in 2017?Inciting a riot
44.8%
Question Answer % Correct
Who walked up in the gun store and ordered himself some guns on Nightcrawler?Chief Keef
44%
What color is the monster truck on the 'Rodeo (Deluxe)' album cover?dark red
43.8%
What is Travis Scotts own label named?Cactus Jack Records
42.3%
Travis worked with Thundercat on which ASTROWORLD song?ASTROTHUNDER
41.8%
What did Travis Scott mistake the cocaine in his hair for on 'Kelly Price'?Lice (Woke up cocaine all in my hair thought it was lice, yeah yeah)
41.4%
What song was the first Travis Scott collaboration with Drake?Company
40.8%
In an interview, Kylie Jenner said that her favorite Travis Scott track is ...Hell Of A Night
40.4%
On what song does Travis advise you to bring some backup if you're creeping on him, cause just last week he rest in peace'd a homie?outside
39.5%
Which Rae Sremmurd song got a Travis Scott Remix?Swang
38.8%
Finish: 'Let's get high (high), and go dance on the ____'moon
37.4%
What is the oldest officially released Travis Scott song on paid streaming platforms? (Spotify, Apple Music)Upper Echelon
36.4%
On what song does Travis state that 'his d**k is longer than a Pringles box'?Pray 4 Love
35.9%
Travis Scott is seen in which Migos 'Culture' music video?Bad And Boujee
35.5%
What Juicy J song features Travis saying 'f*ck' 13 times in a row?Neighbor
35.1%
'I do not f*ck with America, I get it straight off the boat' is said in what song?Mamacita
35.1%
When is Travis Scott's birthday?April 30th
34.7%
What flavor of Lays chips did Travis eat at the beginning of 'Backyard'? Sour Cream & Onion
32.8%
Travis Scott has/had a chain that shows a human silhouette under a prohibition sign. What does the chain stand for?No bystanders
32.5%
What song can be heard in the beginning of the 'Mamacita' music video?The Prayer
32.3%
Before 'ASTROWORLD', on what Frank Ocean song was Travis featured?Lens v2
31.6%
Apart from 'Go Off' and 'Watch', which song features Travis Scott and Lil Uzi Vert?RaRa
31%
What song gets played at the beginning of the 'Antidote' music video for a few seconds?3500
30.8%
What song on Rodeo was originally meant for Kanyes 'The Life of Pablo'?3500
30.4%
Where was Travis Scott most of the time during the studio sessions for 'ASTROWORLD'?Hawaii
30%
Who is heard on the intro to coordinate?Blac Youngsta
28.6%
What is Travis Scotts radio station on Apple Music called?.wav radio
28.5%
'Last time I checked, you were the one that left' is from what Travis feature?Love Galore (SZA)
27.6%
Yung Lean can be heard in the intro of what 'Huncho Jack, Jack Huncho' track?Dubai Sh*t
27.6%
Which one of the 2 songs that dropped on New Years Eve 2015-2016 didn't end up on an album? (wonderful & A-Team)A-Team
27.6%
Travis Scott was supposed to appear on Kanye Wests 'The Life Of Pablo'. Which song?FML
26.3%
Question Answer % Correct
What word is tatted on Travis Scotts neck?P U K E
25%
What did Kanye West offered Travis Scott to eat at their first meeting?Taco Bell sour cream taco
24.6%
What Kendrick Lamar music video featured Travis in it? (From the 'DAMN.' album)LOVE.
23.3%
'Got my first M 2012, now a hunnid K in the mail ...' Who delivered this line?ScHoolboy Q
23.3%
What was Travis Scott eating right before the car crash in the 'Birds In The Trap' short film?Hot Dog
22.8%
What song marks the first time that Travis appeared on a Young Thug project? (Not counting 'pick up the phone')Floyd Mayweather
20.6%
For the OG's: 'Porn is like ... _______.'... amazing.'
19.6%
Travis Scott collaborated with Yung Lean in 2014 on what song?Ghosttown
18.8%
'Tell me one thing, is you 'bout it? Girl, is you 'bout it?' is from what song?Sloppy Toppy
18.6%
What Rihanna song features Travis Scott vocals?Woo
18.4%
A leaked track, called 'Drown', got an official release on Metro Boomins album. What is the songs (official) name? Up To Something
17.3%
Fill in the blank: 'Come see where I lay up, _____ where I lay up'Palm Trees
14.8%
Before the 'beef'; What song features both Nicki Minaj and Travis Scott?Krippy Kush (Remix)
13.5%
What song by Travis Scott got T.I.'s attention?Lights (Love Sick)
13.4%
Who shot the cover photo for 'ASTROWORLD'?David LaChapelle
13.1%
What song are 'Maison Margiela blunts' and 'Louis V double cups' from?High Fashion
13.1%
What tattoo does Travis have right next to his left ear?Anchor
12.9%
Who was supposed to be featured on 'Wasted'?Yung Lean
12.7%
Which Travis Scott song did Bryson Tiller sample on 'Don't Get Too High'?Backyard
12.6%
'You back at stripping, Imma go back straight to tipping' is from what song?Serenade
12.4%
What was Travis Scotts dream job as a kid?Nephrologist (kidney doctor)
10.6%
Travis Scotts dad was a good friend of what famous DJ?DJ Premier
9.5%
What is Gucci Manes and Travis Scotts collaboration called that premiered on CashXO's 'Memento Mori'?Murda
9.5%
Which leaked Travis Scott song features a spoken intro from Yung Mazi?Dinosaurus
8.3%
What was 'Birds In The Trap Sing McKnight' originally going to be called?Tina
7.2%
Who shot the cover photo for 'Birds In The Trap Sing McKnight'?Nick Knight
6.9%
'Me? On my rock-n-roll ****, Mick Jagger' is from what song?Black Mass
5.6%
The intro verse from 'the ends' was originally supposed to appear on a Cashmere Cat song. What was the song called?Europa Pools
4.6%
'I can't feel my face, will I live today?' is from what song?Workin' (Remix)
4.1%

You're not logged in!

Compare scores with friends on all Sporcle quizzes.
OR
Log In

Sporcle TV

Today on Sporcle TV


Watch our educational content, quiz creation guides, and fun videos on Sporcle TV.

Show Comments

Extras

Created Jul 1, 2019ReportNominate
Tags:Hip-Hop, Travis Scott

Top Quizzes Today


Score Distribution

Paid Content

Your Account Isn't Verified!

In order to create a playlist on Sporcle, you need to verify the email address you used during registration. Go to your Sporcle Settings to finish the process.

Report this User

Report this user for behavior that violates our Community Guidelines.

Details: